| 000 | 01615nam0a2200361 4500 | ||
|---|---|---|---|
| 001 | RU\NLR\BIBL_A\022650209 | ||
| 005 | 20251123120741.0 | ||
| 010 | _a978-5-00246-414-2 | ||
| 035 | _a(NLR Aleph) 022650209 | ||
| 090 |
_a13466199 _c13466199 |
||
| 100 | _a20251021d2025 u y0rusy50 ca | ||
| 101 | 0 | _arus | |
| 102 | _aRU | ||
| 105 | _aac z 000gy | ||
| 181 | 0 |
_ai3 _baxxe |
|
| 181 | 0 |
_ab2 _bxb2e |
|
| 182 | 1 | _an | |
| 200 | 1 |
_aВ лабиринтах рыбозверомира _eстихи деда Серёжи _e[для детей дошкольного и младшего школьного возраста] _fСергей Газин _g[художник: Элла Кузнецова] |
|
| 203 |
_aТекст _aИзображение _bвизуальные _cнепосредственные |
||
| 205 | _a2-е изд., испр. и доп. | ||
| 210 |
_aМосква _cУ Никитских ворот _d2025 |
||
| 215 |
_a143 с. _cил., портр. _d24 |
||
| 327 | 1 | _aСодерж.: циклы: В солнечном мире детства...; В морях и океанах; В южных краях; Родные просторы | |
| 333 | _a0+ | ||
| 686 | 0 | _aШ9(2)60=Р7-5 | |
| 700 | 1 |
_aГазин _bС. Ю. _cпоэт _f1953- _gСергей Юрьевич _9191893 _3RU\NLR\AUTH\770191944 |
|
| 702 | 1 |
_4440 _aКузнецова _bЭ. В. _cхудожник, писатель _gЭлеонора Валентиновна _9191900 _3RU\NLR\AUTH\770191951 |
|
| 942 | _cBOOK | ||
| 980 | _aNB | ||